000 00986nam a2200253Ia 4500
003 OSt
005 20220923224843.0
006 a|||||r|||| 00| 0
007 ta
008 220922b |||||||| |||| 00| 0 hin d
024 _a252,357
037 _cTextual
040 _aARTS
_cARTS
_bhin
041 _2hin
_ahin
082 _aO152,6N28x, K4
100 _aशर्मा, सरनामसिंह
245 0 _aआर्य भाषाओं के विकास क्रम में अप्रभंश तथा अन्य निबन्ध
246 _aĀrya bhāṣhāoan ke vikās kram mean aprabhansha tathā anya nibandha
260 _aजयपुर
_b दी स्टूडेणट्स बुक कम्पनी
_c1964
300 _a162पृ.
_ccm.
650 _aहिन्दी साहित्य
_9156264
942 _hO152,6N28x, K4
_cTEXL
_2CC
999 _c374145
_d374145